Kuchyň

Enregistré dans:
Détails bibliographiques
Auteur principal: Kittrichová, Emanuela (Auteur)
Format: Livre
Langue:tchèque
Publié: Praha : SNTL, 1990
Édition:1. vyd.
Sujets:
Tags: Ajouter un tag
Pas de tags, Soyez le premier à ajouter un tag!

MARC

LEADER 00000nam a22000003a 4500
001 stu11105
005 20150617225801.3
008 950219s1990----cs------------------cze-d
040 |a STU  |b slo 
041 0 |a cze 
044 |a cs 
100 1 |a Kittrichová, Emanuela  |4 aut 
245 1 |a Kuchyň 
250 |a 1. vyd. 
260 |a Praha :  |b SNTL,  |c 1990 
300 |a 269 s 
650 7 |a interiér obytný  |2 stusub 
996 |b 284AU02216  |c A*1998 U  |l AAKNAR  |s A  |a 24  |w stu11105_0001